Villes des Équipes de football n°2 - Statistiques

Statistiques générales
  • Ce quiz a été pris 178 fois
  • Le résultat moyen est 14 sur 30
Statistiques - réponses
Hint Réponse % Correct
West Ham Londres
99%
Sporting CP Lisbonne
97%
Fiorentina Florence
93%
Real Bétis Séville
92%
Fenerbahçe Istanbul
91%
Standard Liège
90%
Panathinaïkos Athènes
89%
Atalanta Bergame
81%
Olympiakos Le Pirée
74%
Servette FC Genève
54%
Racing Club de France Paris
54%
Fluminense Rio de Janeiro
54%
Al-Nassr Riyad
50%
Racing Club Avellaneda
46%
Grasshopper Zurich
43%
Heart of Midlothian Édimbourg
30%
Colorado Rapids Denver
29%
Orlando Pirates Johannesbourg
28%
Colo-Colo Santiago
28%
Nacional Montevideo
26%
FC St. Pauli Hambourg
21%
Grêmio Porto Alegre
21%
SBV Excelsior Rotterdam
17%
Millonoarios Bogota
15%
Estudiantes La Plata
15%
Al-Ittihad Djeddah
14%
Esteghlal FC Téhéran
8%
Rosenborg Trondheim
8%
Twente Enschede
7%
Urawa Red Diamonds Saitama
2%
Aucun quiz correspondant
Distribution des résultats
% des personnes avec chaque résultat
Percentile par nombre de réponses
Votre historique - résultats
Vous n’avez pas pris ce quiz